00901nam a22001577a 4500003000500000008004100005020001800046082001400064100002400078245006500102250001600167505037300183942001200556999001900568952015600587NUST221107b ||||| |||| 00| 0 eng d a9788120326415 a519.5,KAS aKasana, H.S.956709 aComplex variables :btheory and application /cH.S.Kasana,  a2nd Edition aAlgebra of complex numbers (Page1), Analytic functions (Page-39), Elementary functions (Page-79), complex integration (Page-98), Sequence, series and products (Page-153), Series expansions (Page-188), Singularities and residues (Page-241), Sums and definite integrals (Page-295), Conformal mappings (Page-335), Laplace Trancform (Page+376), Special topics (Page-406),  2ddccBK c592263d592263 00102ddc4070aMCSbMCScGENd2022-11-07l2o519.5,KASpMCS38162q2026-06-13r2026-02-13s2026-02-13w2022-11-07yBKzAlmirah Fresh No.44, Shelf No.6